000 00426pab a2200145 454500
008 180718b1999 xxu||||| |||| 00| 0 eng d
100 _aTarzi, Shah M.
245 _aDynamics of the rise and spread of transnational enterprises from the emerging markets economics
260 _c1999
300 _ap.513-35
362 _aApr
650 _aTransnational corporations
773 _aIndian Journal of Economics
909 _a44096
999 _c44096
_d44096